000 00420nam a2200133Ia 4500
005 20251222141943.0
008 251222s9999||||xx |||||||||||||| ||spa||
020 _a978-603-4011-15-1
082 _a665.73/C79
100 _aCórdova Mendoza, Pedro
245 0 _aDeshidratación por Absorción con Solvente Trietilenglicol y La Eliminación del Vapor De Agua del Gas Natural
264 _bInstituto Pacífico
942 _cLIB
999 _c9428
_d9428